000 00478nam a2200181Ia 4500
008 131103s9999 xx 000 0 und d
020 _cRs.120
040 _aLoreto College
041 _aEnglish
082 _a491.43/KHA
_bLCLIB/41363
100 _aKhan,Gulam Moinuddin
245 _aProjanmulak Hindi
_cKhan,Gulam Moinuddin
260 _aCuttack
_bShabnam Pustak Mahal
_c1998
300 _a132 p.
_c 21 cm.
650 _aHindi Literature
850 _aLCLIB
942 _cBK
999 _c17744
_d68223